Every Song by Dashboard Confessional - Statistics

General Stats
  • This quiz has been taken 41 times
    34 since last reset
  • The average score is 11 of 102
Answer Stats
Album Song % Correct
A Mark, a Mission, a Brand, a Scar(2003) Hands Down
100%
Dusk and Summer(Hidden)(2006) Vindicated
83%
The Swiss Army Romance(2000) Again I Go Unnoticed
50%
Dusk and Summer(2006) So Long, So Long
50%
Dusk and Summer(2006) Stolen
50%
All the Truth That I Can Tell(2022) All the Truth That I Can Tell
33%
Alter the Ending(2009) Alter the Ending
33%
A Mark, a Mission, a Brand, a Scar(2003) As Lovers Go
33%
A Mark, a Mission, a Brand, a Scar(2003) Bend and Not Break
33%
Crooked Shadows(2018) Crooked Shadows
33%
Dusk and Summer(2006) Dusk and Summer
33%
The Swiss Army Romance(2000) Screaming Infidelities
33%
The Places You Have Come to Fear the Most(2001) The Places You Have Come to Fear the Most
33%
Dusk and Summer(2006) The Secret's in the Telling
33%
The Shade of Poison Trees(2007) The Shade of Poison Trees
33%
The Swiss Army Romance(2000) The Swiss Army Romance
33%
The Swiss Army Romance(2000) Age Six Racer
17%
A Mark, a Mission, a Brand, a Scar(2003) Am I Missing
17%
Alter the Ending(2009) Belle of the Boulevard
17%
A Mark, a Mission, a Brand, a Scar(2003) Carve Your Heart Out Yourself
17%
MTV Unplugged 2.0(2002) Remember to Breathe
17%
Dusk and Summer(2006) Don't Wait
17%
Alter the Ending(2009) Everybody Learns from Disaster
17%
A Mark, a Mission, a Brand, a Scar(2003) Hey Girl
17%
Alter the Ending(2009) I Know About You
17%
The Shade of Poison Trees(2007) Little Bombs
17%
The Swiss Army Romance(2000) Living in Your Letters
17%
A Mark, a Mission, a Brand, a Scar(2003) Rapid Hope Loss
17%
Dusk and Summer(2006) Rooftops and Invitations
17%
The Places You Have Come to Fear the Most(2001) Saints and Sailors
17%
Dusk and Summer(2006) Slow Decay
17%
MTV Unplugged 2.0(2002) So Impossible
17%
The Places You Have Come to Fear the Most(2001) The Best Deceptions
17%
The Places You Have Come to Fear the Most(2001) The Brilliant Dance
17%
The Places You Have Come to Fear the Most(2001) The Good Fight
17%
The Shade of Poison Trees(2007) Thick as Thieves
17%
The Places You Have Come to Fear the Most(2001) This Bitter Pill
17%
The Swiss Army Romance(2000) Turpentine Chaser
17%
Crooked Shadows(2018) About Us
0%
The Swiss Army Romance(2000) A Plain Morning
0%
Crooked Shadows(2018) Be Alright
0%
Crooked Shadows(2018) Belong
0%
Alter the Ending(2009) Blame It on the Changes
0%
All the Truth That I Can Tell(2022) Burning Heart
0%
A Mark, a Mission, a Brand, a Scar(2003) Carry This Picture
0%
Crooked Shadows(2018) Catch You
0%
The Shade of Poison Trees(2007) Clean Breaks
0%
Dusk and Summer(2006) Currents
0%
The Swiss Army Romance(2000) Ender Will Save Us All
0%
Alter the Ending(2009) Even Now
0%
All the Truth That I Can Tell(2022) Everyone Else is Just Noise
0%
The Shade of Poison Trees(2007) Fever Dreams
0%
Non-Album(2009) Finishing School
0%
MTV Unplugged 2.0(2002) For You to Notice
0%
Alter the Ending(2009) Get Me Right
0%
A Mark, a Mission, a Brand, a Scar(2003) Ghost of a Good Thing
0%
Crooked Shadows(2018) Heart Beat Here
0%
Dusk and Summer(2006) Heaven Here
0%
Alter the Ending(2009) Hell on the Throat
0%
All the Truth That I Can Tell(2022) Here's to Moving On
0%
The Swiss Army Romance(Bonus)(2000) Hold On
0%
A Mark, a Mission, a Brand, a Scar(2003) If You Can't Leave It Be, Might as Well Make It Bleed
0%
The Shade of Poison Trees(2007) I Light My Own Fires Now
0%
Crooked Shadows(2018) Just What to Say
0%
The Shade of Poison Trees(2007) Keep Watch for the Mines
0%
Non-Album(2018) KindaYeahSorta
0%
The Shade of Poison Trees(2007) Matters of Blood and Connection
0%
All the Truth That I Can Tell(2022) Me and Mine
0%
A Mark, a Mission, a Brand, a Scar(2003) Morning Calls
0%
Alter the Ending(2009) No News is Bad News
0%
The Swiss Army Romance(Bonus)(Hidden)(2000) Not So Easy
0%
Crooked Shadows(2018) Open My Eyes
0%
All the Truth That I Can Tell(2022) Pain Free in Three Chords
0%
Dusk and Summer(2006) Reason to Believe
0%
A Mark, a Mission, a Brand, a Scar(2003) Several Ways to Die Trying
0%
The Swiss Army Romance(2000) Shirts and Gloves
0%
All the Truth That I Can Tell(2022) Sleep In
0%
A Mark, a Mission, a Brand, a Scar(2003) So Beautiful
0%
All the Truth That I Can Tell(2022) Southbound and Sinking
0%
The Places You Have Come to Fear the Most(2001) Standard Lines
0%
All the Truth That I Can Tell(2022) Sunshine State
0%
All the Truth That I Can Tell(2022) The Better of Me
0%
Alter the Ending(Bonus)(2009) The Cut and Run Routine
0%
A Mark, a Mission, a Brand, a Scar(Bonus)(2003) The End of an Anchor
0%
Alter the Ending(2009) The Motions
0%
The Shade of Poison Trees(Bonus)(2007) The Only Gift That I Need
0%
The Shade of Poison Trees(2007) The Rush
0%
The Shade of Poison Trees(2007) These Bones
0%
The Swiss Army Romance(2000) The Sharp Hint of New Tears
0%
The Shade of Poison Trees(2007) The Widows Peak
0%
The Swiss Army Romance(Bonus)(2000) This is a Forgery
0%
A Mark, a Mission, a Brand, a Scar(Bonus)(2003) This Old Wound
0%
The Places You Have Come to Fear the Most(2001) This Ruined Puzzle
0%
The Shade of Poison Trees(Bonus)(2007) Tonight I'll Take What I Can Get
0%
Alter the Ending(Bonus)(2009) Truth of the Matter
0%
Alter the Ending(2009) Until Morning
0%
Non-Album(2024) Watch the Fire
0%
Alter the Ending(2009) Water and Bridges
0%
Crooked Shadows(2018) We Fight
0%
The Shade of Poison Trees(2007) Where There's Gold...
0%
Dusk and Summer(Hidden)(2006) Write It Out
0%
All the Truth That I Can Tell(2022) Young
0%
No matching quizzes found
Score Distribution
Percent of People with Each Score
Percentile by Number Answered
Your Score History
You have not taken this quiz since the last reset